La novela naturalista hispanoamericana

Saved in:
Bibliographic Details
Main Author: Ara, Guillermo (Author)
Format: Book
Language:Spanish
Published: Buenos Aires EUDEBA 1965
Series:Cuadernos de EUDEBA, 144
Subjects:
Tags: Add Tag
No Tags, Be the first to tag this record!

MARC

LEADER 00000nam a2200000 a 4500
001 UCT6457
003 CL-VaPUC
008 970113e19650000AG |||||||||||||||||spa|d
082 0 4 |a H863.09  |b ARA  |2 21 
100 0 |a Ara, Guillermo  |e author  |9 376663 
245 1 3 |a La novela naturalista hispanoamericana 
300 |a 103 p 
942 |c BK 
945 |d 19970113 00:00:00  |a rbrito 
260 |a Buenos Aires  |b EUDEBA  |c 1965 
650 7 |a NOVELA HISPANOAMERICANA  |2 CL-VaPUC  |9 309990 
650 0 |a Historia y crítica   |9 257407 
650 7 |a NATURALISMO EN LA LITERATURA  |2 CL-VaPUC  |9 319209 
583 |a last modification  |c 19970113 00:00:00  |k Rodrigo Vera 
490 0 |a Cuadernos de EUDEBA, 144 
999 |c 255161  |d 255159 
952 |0 0  |1 0  |4 0  |6 H_863_090000000000000_ARA_1965  |7 0  |8 A  |9 277283  |a BIBEDU  |b BIBEDU  |d 2019-11-19  |i 3267237  |o H863.09 ARA 1965  |p 3267237  |r 2019-11-19  |w 2019-11-19  |y BK  |k LIT